Municipis de la comarca del Segrià (Catalunya) - Statistics

General Stats
  • This quiz has been taken 384 times
  • The average score is 25 of 38
Answer Stats
Hint Answer % Correct
L Lleida
97%
Ac Alcarràs
91%
Af Alfarràs
88%
Ag Alguaire
82%
Am Almacelles
81%
Ap Alpicat
79%
Tf Torrefarrera
77%
AL Artesa de Lleida
76%
Ab Albatàrrec
75%
A Aitona
75%
S Seròs
75%
Am Almenar
69%
GPF Gimenells i el Pla de la Font
67%
M Maials
65%
S Soses
65%
VS Vilanova de Segrià
64%
Am Almatret
63%
TS Torres de Segre
63%
Ac Alcoletge
62%
Aa Els Alamús
62%
SL Sarroca de Lleida
61%
VB Vilanova de la Barca
61%
Af Alfés
59%
Ts Torre-serona
58%
GE La Granja d'Escarp
57%
PL Puigverd de Lleida
57%
L Llardecans
56%
ML Montoliu de Lleida
56%
Tb Torrebesses
56%
BS Benavent de Segrià
55%
S Sudanell
55%
C Corbins
54%
Ac Alcanó
53%
S Sunyer
53%
M Massalcoreig
52%
R Rosselló
52%
A Aspa
43%
P La Portella
40%
No matching quizzes found
Score Distribution
Percent of People with Each Score
Percentile by Number Answered
Your Score History
You have not taken this quiz